Catálogo público

Anatomía de las aves / (Record no. 164178)

MARC details
000 -CABECERA
campo de control de longitud fija 00672nam a2200265Ia 4500
001 - NÚMERO DE CONTROL
campo de control Z_1098
003 - IDENTIFICADOR DEL NÚMERO DE CONTROL
campo de control CHAP
008 - DATOS DE LONGITUD FIJA--INFORMACIÓN GENERAL
campo de control de longitud fija 220113s9999 xx 000 0 und d
010 ## - NÚMERO DE CONTROL DE LA BIBLIOTECA DEL CONGRESO
Número de control de LC 164178
040 ## - FUENTE DE LA CATALOGACIÓN
Centro/agencia transcriptor CHAP
082 ## - NÚMERO DE LA CLASIFICACIÓN DECIMAL DEWEY
Número de clasificación 636.5 E34y
100 ## - ENTRADA PRINCIPAL--NOMBRE DE PERSONA
Nombre de persona Ede. D. A.
9 (RLIN) 35323
245 ## - MENCIÓN DE TÍTULO
Título Anatomía de las aves /
Mención de responsabilidad, etc. D. A. Ede; José Sandoval Juárez, traductor
260 ## - PUBLICACIÓN, DISTRIBUCIÓN, ETC.
Lugar de publicación, distribución, etc. Zaragoza, España :
Nombre del editor, distribuidor, etc. ACRIBIA,
Fecha de publicación, distribución, etc.
300 ## - DESCRIPCIÓN FÍSICA
Extensión 136 p.
500 ## - NOTA GENERAL
Nota general Incluye apéndice
503 ## - NOTA DE HISTORIA BIBLIOGRÁFICA (BK CF MU) [OBSOLETO]
Nota de historia bibliográfica ej.1: 0006, ej.2:0701, ej.3:128828
650 ## - PUNTO DE ACCESO ADICIONAL DE MATERIA--TÉRMINO DE MATERIA
Término de materia o nombre geográfico como elemento de entrada Aves
Subdivisión general Anatomía y Fisiología
9 (RLIN) 138261
901 ## - ELEMENTOS DE DATOS A LOCAL LDA (RLIN)
a 636.5 E34Y
902 ## - ELEMENTOS DE DATOS B LOCAL, LDB (RLIN)
a M
910 ## - DATOS DE OPCIÓN DEL USUARIO (OCLC)
Datos de opción del usuario
942 ## - ELEMENTOS DE PUNTO DE ACCESO ADICIONAL (KOHA)
Tipo de ítem Koha Libro_
942 ## - ELEMENTOS DE PUNTO DE ACCESO ADICIONAL (KOHA)
Tipo de ítem Koha
Holdings
Estado de retiro Estado de pérdida Fuente del sistema de clasificación o colocación Estado dañado No para préstamo Código de colección Localización permanente Ubicación/localización actual Ubicación en estantería Fecha de adquisición Total de préstamos Código de barras Fecha visto por última vez Fecha del último préstamo Número de copia Precio válido a partir de Tipo de ítem Koha
    Dewey Decimal Classification     General Zootecnia Zootecnia   18/08/2011 1 z_0338 15/08/2024 15/08/2024 1 18/01/2022 Libro
    Dewey Decimal Classification     General Zootecnia Zootecnia   18/08/2011   z_0339 18/01/2022   2 18/01/2022 Libro
    Dewey Decimal Classification     General Zootecnia Zootecnia   18/08/2011 4 z_0340 19/11/2024 19/11/2024 3 18/01/2022 Libro